Central Library OPAC University of Rajshahi

Cases on the law of the sea / (Record no. 4528)

MARC details
000 -LEADER
fixed length control field 00829cam a2200277 i 4500
001 - CONTROL NUMBER
control field 4528
003 - CONTROL NUMBER IDENTIFIER
rucl marc code BD-RjUL
005 - DATE AND TIME OF LATEST TRANSACTION
control field 20211208233916.0
008 - FIXED-LENGTH DATA ELEMENTS--GENERAL INFORMATION
fixed length control field 131222s1980 nyu 000 0 eng
020 ## - INTERNATIONAL STANDARD BOOK NUMBER
International Standard Book Number 0379008882
International Standard Book Number 0379008874
035 ## - SYSTEM CONTROL NUMBER
System control number (BD-RjUL)4563
040 ## - CATALOGING SOURCE
Original cataloging agency DLC
Transcribing agency DLC
Modifying agency DLC
Language of cataloging eng
041 ## - LANGUAGE CODE
Language code of text/sound track or separate title eng
082 00 - DEWEY DECIMAL CLASSIFICATION NUMBER
Classification number 341.7566
Author mark and year CAS 1976-1980
245 00 - TITLE STATEMENT
Title Cases on the law of the sea /
Statement of responsibility, etc. compiled and edited by Kenneth R. Simmonds, with the collaboration of Amrit Sarup.
260 ## - PUBLICATION, DISTRIBUTION, ETC. (IMPRINT)
Place of publication, distribution, etc. Dobbs Ferry, N.Y. :
Name of publisher, distributor, etc. Oceana Publications,
Date of publication, distribution, etc. c1976-1980.
300 ## - PHYSICAL DESCRIPTION
Pagination 4 v. ;
Size 27 cm.
490 ## - SERIES STATEMENT
Volume/sequential designation v-3
505 0# - FORMATTED CONTENTS NOTE
Formatted contents note V.1 -- V. 2 -- V. 3 --
650 #0 - SUBJECT ADDED ENTRY--TOPICAL TERM
Topical term or geographic name as entry element Law of the sea
General subdivision Cases.
9 (RLIN) 14312
700 1# - ADDED ENTRY--PERSONAL NAME
Personal name Simmonds, K. R.
Fuller form of name (Kenneth R.)
Personal name Sarup, Amrit.
942 ## - ADDED ENTRY ELEMENTS (KOHA)
Source of classification or shelving scheme Dewey Decimal Classification
Koha item type Books
Holdings
Lost status Source of classification or shelving scheme Damaged status Not for loan Collection code Permanent Location Current Location Shelving location Date acquired Source of acquisition Cost, normal purchase price Total Checkouts Full call number Date last seen Copy number Koha item type
  Dewey Decimal Classification   Not For Loan Non-fiction Central Library, University of Rajshahi Central Library, University of Rajshahi Reading Room 19/04/1984 Topan talip 53.15   341.7566 CAS V-3 1980 22/12/2013 C-1 Books
  Dewey Decimal Classification     Non-fiction Central Library, University of Rajshahi Central Library, University of Rajshahi   19/04/1984 Tulip co sing 53.15   341.7566 CAS V-2 1977 24/11/2016 C-2 Books
  Dewey Decimal Classification   Not For Loan Non-fiction Central Library, University of Rajshahi Central Library, University of Rajshahi Reading Room 19/04/1984 Tappam & Co. 53.00   341.7566 CAS V-1 1976 21/12/2016 C-1 Books